000 00308nam a22001217a 4500
008 181127b xxu||||| |||| 00| 0 eng d
041 _aeng
080 _a043.3
100 _a0
101 _aBTH-MK
245 _aLajmet e kronikës së zezë në media digjitale gjatë vitit 2018
_cKiqina,F
942 _2udc
_cBK
999 _c52543
_d52543